The noble scholar, jurist, historian


 His Excellency Dr. Abdul Wahhab bin Ibrahim Abu Sulaiman, may Allah have mercy on him.


 He was born in Umm Al-Qura in the year 1356 AH.

حكتني أمي في الناموسية حكاوي حلوة حجازية / (Record no. 6281)

MARC details
000 -LEADER
fixed length control field 01376caa a22003011ic4500
003 - CONTROL NUMBER IDENTIFIER
control field SA-RiAUC
005 - DATE AND TIME OF LATEST TRANSACTION
control field 20250305193043.0
008 - FIXED-LENGTH DATA ELEMENTS--GENERAL INFORMATION
fixed length control field 250305s2013 su g 000 0 ara c
020 ## - INTERNATIONAL STANDARD BOOK NUMBER
International Standard Book Number 9786030127986
040 ## - CATALOGING SOURCE
Original cataloging agency SA-JeALM
Language of cataloging ara
Transcribing agency SA-RiAUC
Description conventions rda
043 ## - GEOGRAPHIC AREA CODE
Geographic area code a-su---
082 04 - DEWEY DECIMAL CLASSIFICATION NUMBER
Classification number 398.2
Assigning agency SA-RiAUC
090 ## - LOCALLY ASSIGNED LC-TYPE CALL NUMBER (OCLC); LOCAL CALL NUMBER (RLIN)
Classification number (OCLC) (R) ; Classification number, CALL (RLIN) (NR) 398.2
Local cutter number (OCLC) ; Book number/undivided call number, CALL (RLIN) ص ي ر
100 1# - MAIN ENTRY--PERSONAL NAME
Personal name الصيرفي، عزيزة عبد الله محمد
Relator term مؤلف.
245 10 - TITLE STATEMENT
Title حكتني أمي في الناموسية حكاوي حلوة حجازية /
Statement of responsibility, etc. تأليف عزيزة عبد الله محمد الصرفي.
264 #1 - PRODUCTION, PUBLICATION, DISTRIBUTION, MANUFACTURE, AND COPYRIGHT NOTICE
Place of production, publication, distribution, manufacture جدة :
Name of producer, publisher, distributor, manufacturer عزيزة عبد الله الصيرفي.
Date of production, publication, distribution, manufacture, or copyright notice 2008
300 ## - PHYSICAL DESCRIPTION
Extent 192 صفحة ؛
Dimensions 24 × 17 سم
336 ## - CONTENT TYPE
Content type term نص
Content type code txt
Source rdacontent
Materials specified عمل تحليلي
337 ## - MEDIA TYPE
Media type term بدون وسيط
Media type code n
Source rdamedia
338 ## - CARRIER TYPE
Carrier type term مجلد
Carrier type code nc
Source rdacarrier
521 ## - TARGET AUDIENCE NOTE
Target audience note موجه للأطفال.
580 ## - LINKING ENTRY COMPLEXITY NOTE
Linking entry complexity note حكتني أمي في الناموسية حكاوي حلوة حجازية. -جدة، السعودية : عزيزة عبد الله محمد الصرفي، 2013. -مجلد 1.
650 #7 - SUBJECT ADDED ENTRY--TOPICAL TERM
Topical term or geographic name entry element القصص العربية الشعبية
Geographic subdivision السعودية
-- الحجاز
Source of heading or term aucsh
650 #7 - SUBJECT ADDED ENTRY--TOPICAL TERM
Topical term or geographic name entry element الأدب الشعبي العربي
Geographic subdivision السعودية
-- الحجاز
Source of heading or term aucsh
653 ## - INDEX TERM--UNCONTROLLED
Uncontrolled term العلوم الإجتماعية
942 ## - ADDED ENTRY ELEMENTS (KOHA)
Source of classification or shelving scheme Dewey Decimal Classification
Koha item type Books
Suppress in OPAC No
949 ## - LOCAL PROCESSING INFORMATION (OCLC)
a SA-JeALM
d 250305
u mohamedma123
n 1
Holdings
Withdrawn status Lost status Source of classification or shelving scheme Damaged status Not for loan Home library Current library Date acquired Total checkouts Full call number Barcode Date last seen Price effective from Koha item type
    Dewey Decimal Classification     DR AbdElwahab Library DR AbdElwahab Library 03/05/2025   398.2 ص ي ر 000010555 03/05/2025 03/05/2025 Books
    Dewey Decimal Classification     DR AbdElwahab Library DR AbdElwahab Library 05/06/2025   398.2 ص ي ر 000012705 05/06/2025 05/06/2025 Books
    Dewey Decimal Classification     DR AbdElwahab Library DR AbdElwahab Library 07/06/2025   398.2 ص ي ر 000015502 07/06/2025 07/06/2025 Books